MARC

Tag First Indicator Second Indicator Subfields
LEADER 00000cam a2200000 a 4500
001 in00000019485
005 20151007053630.0
008 870616s1988 nyua b 10100 eng
010 |a  87016522  
020 |a 0387965602 (U.S.) :  |c $69.00 
035 |a (OCoLC)16130030 
035 |9 AAB2296AM 
040 |a DLC  |c DLC  |d CUX  |d TXA  |d UtOrBLW 
049 |a TXAM  |c [A11467204] 
050 0 0 |a QP601.3  |b .E59 1988 
082 0 |a 574.19/25  |2 19 
245 0 0 |a Enzyme dynamics and regulation /  |c P. Boon Chock [and others]. 
264 1 |a New York :  |b Springer-Verlag,  |c [1988] 
264 4 |c ©1988 
300 |a xxi, 421 pages :  |b illustrations ;  |c 24 cm. 
336 |a text  |b txt  |2 rdacontent 
337 |a unmediated  |b n  |2 rdamedia 
338 |a volume  |b nc  |2 rdacarrier 
500 |a Papers contributed to the International Symposium on the Dynamics of Soluble and Immobilized Enzyme Systems, held May 26-30, 1986 in Beijing, China sponsored by the International Union of Biochemistry Interest Group on Kinetics and Mechanisms of Enzymes and Metabolic Networks and the Academia Sinica. 
504 |a Includes bibliographies and index. 
650 0 |a Enzyme kinetics  |x Congresses. 
650 0 |a Immobilized enzymes  |x Congresses. 
700 1 |a Chock, P. Boon. 
711 2 |a International Symposium on the Dynamics of Soluble and Immobilized Enzyme Systems  |d (1986 :  |c Peking, China) 
710 2 |a International Union of Biochemistry.  |b Interest Group on Kinetics and Mechanisms of Enzymes and Metabolic Networks. 
710 2 |a Zhongguo ke xue yuan. 
999 |a MARS 
999 f f |s d244d49b-c65a-3d0d-a44c-fcc6a87a3244  |i c349e3fe-230e-38ff-b0fb-1c43cb9cf1b4  |t 0 
952 f f |p normal  |a Texas A&M University  |b College Station  |c Sterling C. Evans Library  |d Evans: Library Stacks  |t 0  |e QP601.3 .E59 1988  |h Library of Congress classification  |i unmediated -- volume  |m A14811467204 
998 f f |a QP601.3 .E59 1988  |t 0  |l Evans: Library Stacks